000
00253nam a22000977a 4500
082
_a
954.03170223
_b
MAP
245
_a
Map siege of delhi plan of the british position
526
_a
0
_b
0
_c
0
_d
954_031702230000000_MAP
650
_a
MCE
_9
379
942
_2
ddc
_c
BK
999
_c
552935
_d
552935